| 000 | 00635nam a2200193 i 4500 | ||
|---|---|---|---|
| 001 | 142386 | ||
| 003 | ES-MaACL | ||
| 005 | 20230906200517.0 | ||
| 007 | t| | ||
| 008 | 071005s1970 sp a |||| |bspa d | ||
| 080 | _a929 Casanovas, José de Calasanz | ||
| 100 | 1 |
_aVilá Palá, Claudio. _9114731 |
|
| 245 | 1 | 0 |
_aCalasanz Casanovas, educador y general de una orden docente / _cClaudio Vilá Palá. |
| 260 |
_aSalamanca : _b[s.n.], _c1970 ( _fImp. Calatrava) |
||
| 300 |
_a478 p. : _bil. ; _c21 cm. |
||
| 597 | _aSalto de pag.: de p. 141 a p. 161. | ||
| 600 | 1 | 4 |
_aCasanovas, José de Calasanz. _9163006 |
| 852 |
_aES-MaACL _jC-46902 |
||
| 999 |
_c142386 _d142386 |
||